Staining procedure for sieve tubes in the bark of Hevea brasiliensis using O-dianisidine (Record no. 47256)

MARC details
000 -LEADER
fixed length control field 00595nam a2200217Ia 4500
100 ## - MAIN ENTRY--AUTHOR NAME
Personal name Gopal Gopika
245 #0 - TITLE STATEMENT
Title Staining procedure for sieve tubes in the bark of Hevea brasiliensis using O-dianisidine
260 ## - PUBLICATION, DISTRIBUTION, ETC. (IMPRINT)
Name of publisher Rubber Science
Year of publication 2013
300 ## - PHYSICAL DESCRIPTION
Number of Pages 274-278
650 ## - SUBJECT ADDED ENTRY--TOPICAL TERM
Topical Term Glutaraldehyde
650 ## - SUBJECT ADDED ENTRY--TOPICAL TERM
Topical Term Glutaraldehyde
650 ## - SUBJECT ADDED ENTRY--TOPICAL TERM
Topical Term O-dianisidine
650 ## - SUBJECT ADDED ENTRY--TOPICAL TERM
Topical Term O-dianisidine
650 ## - SUBJECT ADDED ENTRY--TOPICAL TERM
Topical Term Sieve tubes
650 ## - SUBJECT ADDED ENTRY--TOPICAL TERM
Topical Term Sieve tubes
650 ## - SUBJECT ADDED ENTRY--TOPICAL TERM
Topical Term Staining procedure
650 ## - SUBJECT ADDED ENTRY--TOPICAL TERM
Topical Term Staining procedure
700 ## - ADDED ENTRY--PERSONAL NAME
Personal name Thomas V
942 ## - ADDED ENTRY ELEMENTS (KOHA)
Koha item type Articles
Holdings
Withdrawn status Lost status Damaged status Not for loan Home library Current library Shelving location Date acquired Serial Enumeration / chronology Koha item type
      Articles RRII Library RRII Library Botany 19/02/2017 Volume 26, Issue 2 Articles